[Event "WchT Seniors 65"]
[Site "Struga"]
[Date "2023.09.26"]
[Round "7.4"]
[White "Van Herck, Marcel"]
[Black "Kivimaki, Jaakko"]
[Result "0-1"]
[WhiteElo "2001"]
[BlackElo "2172"]
[PlyCount "66"]
[EventDate "2023.09.19"]
[EventType "team-swiss"]
[EventRounds "9"]
[EventCountry "MKD"]
[SourceTitle "EXT 2024"]
[Source "ChessBase"]
[SourceDate "2023.10.10"]
[SourceVersion "1"]
[SourceVersionDate "2023.10.10"]
[SourceQuality "1"]
[WhiteTeam "Belgium 65"]
[BlackTeam "Finland 65"]
[WhiteTeamCountry "BEL"]
[BlackTeamCountry "FIN"]

1. e4 e5 2. Nf3 Nc6 3. Bb5 Nge7 4. 0-0 a6 5. Ba4 Ng6 6. c3 Be7 7. d4 d6 8. d5 b5 9. Bc2 Na5 10. a4 Bb7 11. Na3 c6 12. b4 Nc4 13. Nxc4 bxc4 14. dxc6 Bxc6 15. Qe2 Rc8 16. Rd1 0-0 17. Be3 Bd7 18. Nd2 Qc7 19. a5 Nf4 20. Qf1 f5 21. Bb6 Qc6 22. g3 Nd3 23. Nxc4 fxe4 24. Ne3 Rxf2 25. Bxd3 Rxf1+ 26. Bxf1 Bg5 27. Nc4 e3 28. Rxd6 Qf3 29. Nxe5 Qf2+ 30. Kh1 Bf5 31. Bg2 Qc2 32. Bd5+ Kf8 33. Rf1 e2 0-1

[Event "EUR-chT Seniors 65"]
[Site "Mali Losinj"]
[Date "2019.09.21"]
[Round "4.1"]
[White "Kivimaki, Jaakko"]
[Black "Kalegin, Evgenij"]
[Result "1/2-1/2"]
[WhiteElo "2195"]
[BlackElo "2435"]
[PlyCount "89"]
[EventDate "2019.09.18"]
[EventType "team-swiss"]
[EventRounds "9"]
[EventCountry "CRO"]
[SourceTitle "EXT 2020"]
[Source "ChessBase"]
[SourceDate "2019.10.17"]
[SourceVersion "1"]
[SourceVersionDate "2019.10.17"]
[SourceQuality "1"]
[WhiteTeam "Finland 65"]
[BlackTeam "Russia 65"]
[WhiteTeamCountry "FIN"]
[BlackTeamCountry "RUS"]

1. d4 Nf6 2. Nf3 g6 3. e3 c5 4. c3 b6 5. b4 Bg7 6. a4 0-0 7. Be2 d6 8. 0-0 Bb7 9. a5 bxa5 10. Rxa5 Nc6 11. Ra4 cxb4 12. cxb4 a6 13. Nc3 Qb6 14. Nd2 Nxb4 15. Nc4 Qc6 16. f3 Nbd5 17. Nxd5 Nxd5 18. Na5 Qd7 19. Bd2 Bc6 20. Nxc6 Qxc6 21. Qa1 e5 22. Rc1 Qd7 23. Ra5 exd4 24. exd4 Ne7 25. Qa4 Qxa4 26. Rxa4 Nf5 27. d5 Bd4+ 28. Kf1 Be3 29. Ke1 Rfb8 30. Bxe3 Nxe3 31. Kf2 Nxd5 32. Rd4 Nb4 33. Rxd6 Rd8 34. Rxd8+ Rxd8 35. Ra1 Rd2 36. Ra5 Nc6 37. Rxa6 Nd4 38. Ra8+ Kg7 39. Re8 Kf6 40. Re4 Ne6 41. Ke3 Rb2 42. h4 h6 43. g3 g5 44. hxg5+ hxg5 45. Bc4 1/2-1/2

[Event "WchT Seniors 65"]
[Site "Rhodes"]
[Date "2019.04.22"]
[Round "7.3"]
[White "Kivimaki, Jaakko"]
[Black "Giffard, Nicolas"]
[Result "1-0"]
[WhiteElo "2165"]
[BlackElo "2252"]
[PlyCount "73"]
[EventDate "2019.04.16"]
[EventType "team-swiss"]
[EventRounds "9"]
[EventCountry "GRE"]
[SourceTitle "CBM 190 Extra"]
[Source "ChessBase"]
[SourceDate "2019.07.15"]
[SourceVersion "1"]
[SourceVersionDate "2019.07.15"]
[SourceQuality "1"]
[WhiteTeam "Finland III"]
[BlackTeam "France"]
[WhiteTeamCountry "FIN"]
[BlackTeamCountry "FRA"]

1. Nf3 Nf6 2. d4 e6 3. Bg5 Be7 4. Nbd2 h6 5. Bh4 b6 6. e3 Bb7 7. h3 d6 8. Bd3 Nbd7 9. Bg3 0-0 10. 0-0 Re8 11. e4 d5 12. e5 Ne4 13. Bf4 c5 14. c3 cxd4 15. cxd4 Nb8 16. Qe2 Nxd2 17. Bxd2 Nc6 18. a3 a5 19. Rac1 Qd7 20. Be3 Rec8 21. Rc2 Nb8 22. Rfc1 Rxc2 23. Bxc2 Ba6 24. Qd2 Bf8 25. Bb1 a4 26. h4 h5 27. Ng5 Ra7 28. Qd1 g6 29. g4 hxg4 30. Qxg4 Bg7 31. h5 gxh5 32. Qxh5 Rc7 33. Rxc7 Qxc7 34. Bg6 Kf8 35. Bxf7 Qc2 36. Nxe6+ Ke7 37. Nxg7 1-0

[Event "WchT Seniors 65"]
[Site "Rhodes"]
[Date "2019.04.19"]
[Round "4.1"]
[White "Kivimaki, Jaakko"]
[Black "Blechzin, Igor"]
[Result "1-0"]
[WhiteElo "2165"]
[BlackElo "2210"]
[PlyCount "65"]
[EventDate "2019.04.16"]
[EventType "team-swiss"]
[EventRounds "9"]
[EventCountry "GRE"]
[SourceTitle "CBM 190 Extra"]
[Source "ChessBase"]
[SourceDate "2019.07.15"]
[SourceVersion "1"]
[SourceVersionDate "2019.07.15"]
[SourceQuality "1"]
[WhiteTeam "Finland III"]
[BlackTeam "Saint Petersburg"]
[WhiteTeamCountry "FIN"]
[BlackTeamCountry "RUS"]

1. Nf3 Nf6 2. d4 e6 3. Bg5 d5 4. Nbd2 c5 5. e3 Nc6 6. c3 Be7 7. Bd3 b6 8. 0-0 Qc7 9. Re1 0-0 10. Bf4 Bd6 11. Bxd6 Qxd6 12. e4 dxe4 13. Nxe4 Nxe4 14. Rxe4 f5 15. Rh4 Qe7 16. dxc5 bxc5 17. Qa4 Bb7 18. Re1 e5 19. Bb5 Nd4 20. cxd4 Bxf3 21. dxe5 Qg5 22. g3 Qd2 23. Qc4+ Kh8 24. Qc1 Qd5 25. Bc4 Qc6 26. Bf1 Rae8 27. Rc4 Qd5 28. Rxc5 Qxa2 29. Qc3 Ba8 30. Bc4 Qa4 31. Bb5 Qg4 32. Bxe8 Rxe8 33. Rc8 1-0

[Event "FIN-chT 1819"]
[Site "Finland"]
[Date "2019.04.05"]
[Round "9.5"]
[White "Kivimaki, Jaakko"]
[Black "Kivisto, Mikko"]
[Result "0-1"]
[WhiteElo "2159"]
[BlackElo "2258"]
[PlyCount "92"]
[EventDate "2018.09.15"]
[EventType "team-tourn"]
[EventRounds "11"]
[EventCountry "FIN"]
[SourceTitle "CBM 189 Extra"]
[Source "ChessBase"]
[SourceDate "2019.06.03"]
[SourceVersion "1"]
[SourceVersionDate "2019.06.03"]
[SourceQuality "1"]
[WhiteTeam "Helsinki KS 58"]
[BlackTeam "Espoo MatSK"]
[WhiteTeamCountry "FIN"]
[BlackTeamCountry "FIN"]

1. Nf3 d5 2. d4 Nf6 3. e3 Bg4 4. Nbd2 e6 5. h3 Bxf3 6. Qxf3 c6 7. Bd3 Nbd7 8. Qg3 g6 9. 0-0 Bg7 10. b3 0-0 11. c4 e5 12. Bb2 exd4 13. exd4 dxc4 14. Nxc4 Nb6 15. Rfe1 Nh5 16. Qd6 Nxc4 17. Qxd8 Rfxd8 18. Bxc4 b5 19. Be2 Nf4 20. Bf1 Ne6 21. Rac1 Bxd4 22. Bxd4 Nxd4 23. Re7 a5 24. Rc5 a4 25. b4 a3 26. Bd3 Ra4 27. Be4 Kf8 28. Rb7 Rxb4 29. Bxc6 Rc8 30. Rxf7+ Kg8 31. Rf6 Kg7 32. Rf7+ Kh6 33. g4 Ne6 34. f4 Rxf4 35. Rxf4 Nxf4 36. g5+ Kg7 37. h4 Ne2+ 38. Kf2 Nd4 39. Ke3 Nxc6 40. Rxb5 Rb8 41. Rc5 Rb6 42. Ke4 Kf7 43. Rc3 Ra6 44. Rb3 Ke6 45. Kf4 Ra4+ 46. Kg3 Kd5 0-1

[Event "FIN-chT 1819"]
[Site "Finland"]
[Date "2019.02.10"]
[Round "8.4"]
[White "Kivimaki, Jaakko"]
[Black "Lehtosaari, Mauri"]
[Result "1/2-1/2"]
[WhiteElo "2159"]
[BlackElo "2183"]
[PlyCount "90"]
[EventDate "2018.09.15"]
[EventType "team-tourn"]
[EventRounds "11"]
[EventCountry "FIN"]
[SourceTitle "EXT 2021"]
[Source "ChessBase"]
[SourceDate "2020.10.23"]
[SourceVersion "1"]
[SourceVersionDate "2020.10.23"]
[SourceQuality "1"]
[WhiteTeam "Helsinki KS 58"]
[BlackTeam "Kotka KymS"]
[WhiteTeamCountry "FIN"]
[BlackTeamCountry "FIN"]

1. Nf3 d5 2. d4 Nf6 3. c4 c6 4. e3 Bg4 5. Nbd2 e6 6. h3 Bh5 7. g4 Bg6 8. Ne5 Nfd7 9. Nxg6 hxg6 10. Bg2 Nb6 11. c5 N6d7 12. 0-0 Qc7 13. e4 dxe4 14. Nxe4 Nf6 15. Nxf6+ gxf6 16. Qf3 Be7 17. Bf4 Qd7 18. b4 a6 19. h4 Qd8 20. Qg3 f5 21. g5 Nd7 22. a4 0-0 23. Bf3 Kg7 24. b5 Rc8 25. bxc6 bxc6 26. Rab1 e5 27. Bxe5+ Nxe5 28. Qxe5+ f6 29. Qe6 Rc7 30. Rb6 Qxd4 31. Rxc6 Rxc6 32. Bxc6 Bxc5 33. Qd7+ Qxd7 34. Bxd7 fxg5 35. hxg5 Rd8 36. Rd1 Kf8 37. Rd5 Bb4 38. Kg2 Ke7 39. Bc6 Rxd5 40. Bxd5 Bd2 41. Kg3 Bxg5 42. f4 Bf6 43. Kf3 a5 44. Bc6 g5 45. fxg5 Bxg5 1/2-1/2

[Event "FIN-chT 1819"]
[Site "Finland"]
[Date "2019.02.09"]
[Round "7.4"]
[White "Hokkanen, Petri"]
[Black "Kivimaki, Jaakko"]
[Result "1-0"]
[WhiteElo "2251"]
[BlackElo "2159"]
[PlyCount "57"]
[EventDate "2018.09.15"]
[EventType "team-tourn"]
[EventRounds "11"]
[EventCountry "FIN"]
[SourceTitle "EXT 2021"]
[Source "ChessBase"]
[SourceDate "2020.10.23"]
[SourceVersion "1"]
[SourceVersionDate "2020.10.23"]
[SourceQuality "1"]
[WhiteTeam "Joensuu SK"]
[BlackTeam "Helsinki KS 58"]
[WhiteTeamCountry "FIN"]
[BlackTeamCountry "FIN"]

1. d4 d5 2. Nf3 c5 3. c3 Nf6 4. Bf4 Nc6 5. e3 Qb6 6. Qb3 c4 7. Qc2 Bf5 8. Qc1 Nh5 9. Nbd2 e6 10. Be2 Nxf4 11. exf4 Bd6 12. g3 f6 13. 0-0 0-0 14. b3 cxb3 15. Nxb3 Na5 16. Qe3 Rac8 17. Nh4 Rfe8 18. Nxf5 exf5 19. Qd3 Nxb3 20. axb3 Qxb3 21. Qxf5 Rxc3 22. Rab1 Qa2 23. Bd3 g6 24. Qd7 Rf8 25. Rxb7 Bc7 26. Rxc7 Rxc7 27. Qxc7 Qd2 28. Qc2 Qb4 29. Qc5 1-0

[Event "FIN-chT 1819"]
[Site "Finland"]
[Date "2018.09.15"]
[Round "1.4"]
[White "Kivimaki, Jaakko"]
[Black "Mansner, Harry"]
[Result "1-0"]
[WhiteElo "2159"]
[BlackElo "2293"]
[PlyCount "67"]
[EventDate "2018.09.15"]
[EventType "team-tourn"]
[EventRounds "11"]
[EventCountry "FIN"]
[SourceTitle "CBM 189 Extra"]
[Source "ChessBase"]
[SourceDate "2019.06.03"]
[SourceVersion "1"]
[SourceVersionDate "2019.06.03"]
[SourceQuality "1"]
[WhiteTeam "Helsinki KS 58"]
[BlackTeam "Helsinki Comeon"]
[WhiteTeamCountry "FIN"]
[BlackTeamCountry "FIN"]

1. Nf3 c5 2. e3 Nf6 3. d4 d5 4. dxc5 e6 5. c4 Bxc5 6. a3 0-0 7. Nbd2 Nc6 8. b4 Bd6 9. Bb2 Qe7 10. Bd3 Rd8 11. 0-0 e5 12. cxd5 Nxd5 13. Qb1 h6 14. Rd1 Nb6 15. b5 Nb8 16. a4 a5 17. bxa6 Nxa6 18. a5 Nd5 19. Nc4 Bb4 20. Nb6 Nxb6 21. axb6 Bg4 22. Bxa6 Rxd1+ 23. Qxd1 bxa6 24. Qd5 Rb8 25. Qxe5 Qxe5 26. Nxe5 Be2 27. Bd4 Bd6 28. Nc6 Rb7 29. Rc1 Bg4 30. f3 Be6 31. Nd8 Rb8 32. Nxe6 fxe6 33. Rc6 Be7 34. Be5 1-0

[Event "EU-chT Seniors 50"]
[Site "Walbrzych"]
[Date "2018.04.21"]
[Round "8.1"]
[White "Kivimaki, Jaakko"]
[Black "Pietinen, Pekka"]
[Result "1-0"]
[WhiteElo "2181"]
[BlackElo "1983"]
[PlyCount "62"]
[EventDate "2018.04.14"]
[EventType "team-swiss"]
[EventRounds "9"]
[EventCountry "POL"]
[SourceTitle "CBM 184 Extra"]
[Source "ChessBase"]
[SourceDate "2018.06.28"]
[SourceVersion "1"]
[SourceVersionDate "2018.06.28"]
[SourceQuality "1"]
[WhiteTeam "Finland Culture Chess 50"]
[BlackTeam "Finland Cone Guard 50"]
[WhiteTeamCountry "FIN"]
[BlackTeamCountry "FIN"]

1. d4 d6 2. Nf3 Bg4 3. e3 Nd7 4. Be2 e5 5. c3 c6 6. h3 Bh5 7. b4 Be7 8. a4 e4 9. Nfd2 Bxe2 10. Qxe2 f5 11. g4 d5 12. gxf5 Ndf6 13. f3 Nh5 14. Rg1 Bh4+ 15. Kd1 Ng3 16. Rxg3 Bxg3 17. fxe4 dxe4 18. Qh5+ Kf8 19. Nxe4 Nf6 20. Nxf6 Qxf6 21. Nd2 g6 22. Ne4 gxh5 23. Nxf6 h4 24. e4 Kf7 25. e5 a5 26. b5 Rhd8 27. Ke2 c5 28. Be3 cxd4 29. Bxd4 h6 30. Kf3 Rac8 31. Ne4 Rg8 1-0

[Event "FIN-chT 1718"]
[Site "Finland"]
[Date "2018.03.11"]
[Round "11.4"]
[White "Kivimaki, Jaakko"]
[Black "Westerinen, Heikki MJ"]
[Result "1/2-1/2"]
[WhiteElo "2136"]
[BlackElo "2310"]
[PlyCount "62"]
[EventDate "2017.09.16"]
[EventType "team-tourn"]
[EventRounds "11"]
[EventCountry "FIN"]
[SourceTitle "EXT 2019"]
[Source "ChessBase"]
[SourceDate "2018.10.10"]
[SourceVersion "1"]
[SourceVersionDate "2018.10.10"]
[SourceQuality "1"]
[WhiteTeam "Helsinki KS 58"]
[BlackTeam "Salo SalSK"]
[WhiteTeamCountry "FIN"]
[BlackTeamCountry "FIN"]

1. Nf3 Nf6 2. d4 g6 3. b4 Bg7 4. e3 0-0 5. a4 d6 6. Ba3 e5 7. c3 e4 8. Nfd2 Re8 9. c4 Nbd7 10. Nc3 Nf8 11. Qc2 Bf5 12. h3 h5 13. Be2 Qd7 14. c5 d5 15. c6 bxc6 16. Nb3 Ne6 17. Rc1 Bf8 18. Nb1 Rab8 19. b5 Bxa3 20. Nxa3 Qe7 21. Nc5 Nxc5 22. Qxc5 cxb5 23. Bxb5 Qxc5 24. Rxc5 Re6 25. Kd2 a6 26. Bc6 Rb2+ 27. Nc2 Rd6 28. a5 Ra2 29. Ra1 Rxa1 30. Nxa1 Kf8 31. Nc2 Nd7 1/2-1/2

[Event "FIN-chT 1718"]
[Site "Finland"]
[Date "2017.12.03"]
[Round "6.5"]
[White "Paasikangas Tella, Johanna"]
[Black "Kivimaki, Jaakko"]
[Result "0-1"]
[WhiteElo "2243"]
[BlackElo "2136"]
[PlyCount "86"]
[EventDate "2017.09.16"]
[EventType "team-tourn"]
[EventRounds "11"]
[EventCountry "FIN"]
[SourceTitle "EXT 2019"]
[Source "ChessBase"]
[SourceDate "2018.10.10"]
[SourceVersion "1"]
[SourceVersionDate "2018.10.10"]
[SourceQuality "1"]
[WhiteTeam "Vantaa EtVaS"]
[BlackTeam "Helsinki KS 58"]
[WhiteTeamCountry "FIN"]
[BlackTeamCountry "FIN"]

1. d4 d5 2. Nf3 c5 3. e3 Nf6 4. c4 dxc4 5. Bxc4 cxd4 6. exd4 Qc7 7. Qb3 e6 8. Nc3 a6 9. 0-0 Nc6 10. Be2 Be7 11. Bg5 0-0 12. Rac1 Rd8 13. Rfd1 Qd6 14. a3 Bd7 15. g3 Nd5 16. Ne4 Qb8 17. Nc5 Na5 18. Qc2 Nc6 19. Bd3 h6 20. Bxe7 Ndxe7 21. Bh7+ Kf8 22. Be4 Be8 23. Qe2 Qa7 24. b4 b6 25. Nb3 Rac8 26. Bd3 a5 27. b5 a4 28. Nbd2 Nxd4 29. Nxd4 Rxd4 30. Rxc8 Nxc8 31. Nf3 Rd5 32. Rb1 Qc7 33. Bc4 Rc5 34. Rb4 Nd6 35. Bd3 Rc1+ 36. Kg2 Qc5 37. Rxa4 Nxb5 38. Ra8 Nd6 39. Qe5 Qc6 40. Ra7 Rc3 41. Qd4 e5 42. Qe3 Qd5 43. Qxe5 Rxd3 0-1

[Event "FIN-chT 1617"]
[Site "Finland"]
[Date "2017.02.05"]
[Round "8.2"]
[White "Kivimaki, Jaakko"]
[Black "Seeman, Tarvo"]
[Result "0-1"]
[WhiteElo "2214"]
[BlackElo "2407"]
[PlyCount "36"]
[EventDate "2016.09.17"]
[EventType "team-tourn"]
[EventRounds "11"]
[EventCountry "FIN"]
[SourceTitle "EXT 2022"]
[Source "ChessBase"]
[SourceDate "2021.10.06"]
[SourceVersion "1"]
[SourceVersionDate "2021.10.06"]
[SourceQuality "1"]
[WhiteTeam "Helsinki KS 58"]
[BlackTeam "Helsinki Aatos"]
[WhiteTeamCountry "FIN"]
[BlackTeamCountry "FIN"]

1. d4 g6 2. Nf3 Bg7 3. Bf4 d6 4. e3 Nd7 5. c3 e5 6. dxe5 dxe5 7. Bg3 Nh6 8. Bc4 Nf5 9. Nbd2 Qe7 10. Qb3 0-0 11. e4 Nd6 12. Be2 b6 13. Qc2 Bb7 14. b4 f5 15. Bh4 Qe8 16. Qb3+ Kh8 17. Ng5 Bf6 18. Nxh7 Kxh7 0-1

[Event "Helsinki Mestaruus M 2017"]
[Site "Helsinki"]
[Date "2016.12.30"]
[Round "4"]
[White "Pasanen, Tuomo Tapio"]
[Black "Kivimaki, Jaakko"]
[Result "1-0"]
[WhiteElo "2035"]
[BlackElo "2210"]
[PlyCount "83"]
[EventDate "2016.12.27"]
[EventType "tourn"]
[EventRounds "9"]
[EventCountry "FIN"]
[SourceTitle "EXT 2022"]
[Source "ChessBase"]
[SourceDate "2021.10.06"]
[SourceVersion "1"]
[SourceVersionDate "2021.10.06"]
[SourceQuality "1"]

1. e4 e5 2. Nf3 Nc6 3. Nc3 g6 4. d4 exd4 5. Nxd4 Bg7 6. Be3 Nf6 7. Nxc6 bxc6 8. e5 Ng8 9. f4 Ne7 10. Qf3 0-0 11. 0-0-0 d6 12. Bc5 Nd5 13. Nxd5 cxd5 14. exd6 Rb8 15. c3 cxd6 16. Bd4 Qa5 17. a3 Bf5 18. Bxg7 Be4 19. Qf2 Kxg7 20. Bd3 Bxd3 21. Rxd3 Rb5 22. f5 f6 23. Re1 Rf7 24. fxg6 hxg6 25. Re6 d4 26. Qxd4 Rf5 27. Rxd6 Rf1+ 28. Kc2 Qf5 29. Rd5 Rf2+ 30. Kb1 Rf1+ 31. Ka2 Qe6 32. c4 Rc1 33. Rc3 Rf1 34. Re3 Qc6 35. Rg3 Rc1 36. Rxg6+ Kf8 37. Rd8+ Ke7 38. Qxa7+ Ke6 39. Qe3+ Kf5 40. Qd3+ Ke6 41. Rg4 Re1 42. Rgd4 1-0

[Event "FIN-chT 1617"]
[Site "Finland"]
[Date "2016.12.11"]
[Round "6.2"]
[White "Ahvenjarvi, Jani"]
[Black "Kivimaki, Jaakko"]
[Result "1-0"]
[WhiteElo "2342"]
[BlackElo "2214"]
[PlyCount "95"]
[EventDate "2016.09.17"]
[EventType "team-tourn"]
[EventRounds "11"]
[EventCountry "FIN"]
[SourceTitle "EXT 2018"]
[Source "ChessBase"]
[SourceDate "2017.10.13"]
[SourceVersion "1"]
[SourceVersionDate "2017.10.13"]
[SourceQuality "1"]
[WhiteTeam "Tampere Tammer"]
[BlackTeam "Helsinki KS 58"]
[WhiteTeamCountry "FIN"]
[BlackTeamCountry "FIN"]

1. e4 e5 2. Nf3 Nc6 3. Bb5 a6 4. Ba4 d6 5. Bxc6+ bxc6 6. d4 f6 7. Be3 Ne7 8. Nc3 Ng6 9. Qd2 Bg4 10. 0-0-0 Be7 11. h3 Be6 12. h4 h5 13. dxe5 dxe5 14. Qxd8+ Rxd8 15. Rxd8+ Kxd8 16. g3 Kc8 17. Na4 Rd8 18. Bc5 Bd6 19. b3 Nf8 20. Kb2 Bg4 21. Nh2 Ne6 22. Be3 Nd4 23. Nxg4 hxg4 24. c3 Nf3 25. Kc2 Rh8 26. Nc5 Bxc5 27. Bxc5 Ng5 28. Re1 Ne6 29. Be3 Kb7 30. Rd1 Rd8 31. Rxd8 Nxd8 32. Kd3 Ne6 33. Ke2 Kc8 34. f3 gxf3+ 35. Kxf3 Kd7 36. h5 Ke7 37. Kg4 Kf7 38. Kf5 Nd8 39. Bc1 Nb7 40. Ba3 c5 41. Kg4 Nd6 42. Kf3 Nb5 43. Bxc5 Nxc3 44. a4 Ke6 45. g4 Na2 46. Ba3 a5 47. Ke3 c5 48. Kd3 1-0

[Event "Heart of Finland op 26th"]
[Site "Jyvaskyla"]
[Date "2016.07.24"]
[Round "9"]
[White "Kivimaki, Jaakko"]
[Black "Moiseenko, Vadim"]
[Result "0-1"]
[WhiteElo "2185"]
[BlackElo "2497"]
[PlyCount "58"]
[EventDate "2016.07.18"]
[EventType "swiss"]
[EventRounds "9"]
[EventCountry "FIN"]
[SourceTitle "CBM 173 Extra"]
[Source "ChessBase"]
[SourceDate "2016.08.29"]
[SourceVersion "1"]
[SourceVersionDate "2016.08.29"]
[SourceQuality "1"]

1. d4 f5 2. Nf3 Nf6 3. e3 e6 4. c4 b6 5. Nc3 Bb7 6. Be2 Bb4 7. 0-0 0-0 8. Nd2 Bxc3 9. bxc3 c5 10. Bf3 Bxf3 11. Qxf3 Nc6 12. a4 Rc8 13. Ba3 d6 14. Qh3 Qe8 15. Qg3 e5 16. d5 Na5 17. f4 g6 18. Qf3 Qe7 19. Rae1 Rce8 20. Qd1 exf4 21. exf4 Qd7 22. Rxe8 Rxe8 23. Re1 Kf8 24. Re2 Rxe2 25. Qxe2 Qxa4 26. Qe6 Qd1+ 27. Nf1 Ne8 28. Qd7 Nxc4 29. Qxh7 Nd2 0-1

[Event "Heart of Finland op 26th"]
[Site "Jyvaskyla"]
[Date "2016.07.21"]
[Round "5"]
[White "Kiik, Kalle"]
[Black "Kivimaki, Jaakko"]
[Result "1-0"]
[WhiteElo "2393"]
[BlackElo "2185"]
[PlyCount "71"]
[EventDate "2016.07.18"]
[EventType "swiss"]
[EventRounds "9"]
[EventCountry "FIN"]
[SourceTitle "CBM 173 Extra"]
[Source "ChessBase"]
[SourceDate "2016.08.29"]
[SourceVersion "1"]
[SourceVersionDate "2016.08.29"]
[SourceQuality "1"]

1. c4 c6 2. e4 d5 3. cxd5 cxd5 4. exd5 Nf6 5. Nc3 g6 6. d4 Bg7 7. Bb5+ Nbd7 8. d6 exd6 9. Qe2+ Qe7 10. Bf4 d5 11. Bd6 Qxe2+ 12. Ngxe2 a6 13. Ba4 b5 14. Bb3 Nb6 15. Nf4 Bb7 16. Bc5 Nc4 17. a4 Bh6 18. Nd3 Ne4 19. axb5 Bd2+ 20. Kd1 Nxb2+ 21. Nxb2 Bxc3 22. bxa6 Kd7 23. Kc2 Bxb2 24. Kxb2 Rxa6 25. Rxa6 Bxa6 26. Bxd5 Rb8+ 27. Ka3 Nxc5 28. dxc5 Bb7 29. Bxf7 Bxg2 30. Re1 Rf8 31. Bb3 Kc6 32. Re5 Rxf2 33. Ba4+ Kc7 34. Re7+ Kc8 35. Rxh7 Rf5 36. Bd7+ 1-0

[Event "EU-chT Seniors 50"]
[Site "Chalkidiki"]
[Date "2016.04.23"]
[Round "4.3"]
[White "Kivimaki, Jaakko"]
[Black "Soffer, Ram"]
[Result "0-1"]
[WhiteElo "2158"]
[BlackElo "2488"]
[PlyCount "98"]
[EventDate "2016.04.19"]
[EventType "team-tourn"]
[EventRounds "7"]
[EventCountry "GRE"]
[SourceTitle "CBM 172 Extra"]
[Source "ChessBase"]
[SourceDate "2016.06.21"]
[SourceVersion "1"]
[SourceVersionDate "2016.06.21"]
[SourceQuality "1"]
[WhiteTeam "Heart of Finland"]
[BlackTeam "Israel"]
[WhiteTeamCountry "FIN"]
[BlackTeamCountry "ISR"]

1. d4 d5 2. Nf3 Nf6 3. e3 c5 4. dxc5 e6 5. c4 Bxc5 6. Nbd2 0-0 7. a3 a5 8. Bd3 Nc6 9. 0-0 Qe7 10. Qc2 h6 11. b3 d4 12. exd4 Nxd4 13. Nxd4 Bxd4 14. Bb2 Bxb2 15. Qxb2 Rd8 16. Be2 e5 17. Rfd1 e4 18. Nf1 Bg4 19. Ne3 Bxe2 20. Qxe2 Rxd1+ 21. Qxd1 Rd8 22. Qe1 Rd3 23. b4 a4 24. c5 Qe5 25. Rc1 Qb2 26. Nc4 Qd4 27. b5 Qxc5 28. Nb2 Qxa3 29. Nxd3 Qxd3 30. Ra1 Qxb5 31. Qd1 e3 32. fxe3 Qe8 33. Rxa4 Qxe3+ 34. Kf1 Ne4 35. Ra8+ Kh7 36. Ra2 f5 37. Qe1 Qd3+ 38. Kg1 b5 39. Qf1 Qd5 40. g4 Qxa2 41. Qxf5+ Kh8 42. Qxe4 Qc4 43. Qf5 Kg8 44. h4 b4 45. g5 b3 46. Qe5 Qc1+ 47. Kh2 Qc2+ 48. Kg3 b2 49. gxh6 Qg6+ 0-1

[Event "FIN-chT1A 1516"]
[Site "Finland"]
[Date "2015.10.11"]
[Round "4.7"]
[White "Turtiainen, Tauno"]
[Black "Kivimaki, Jaakko"]
[Result "0-1"]
[WhiteElo "1990"]
[BlackElo "2155"]
[PlyCount "110"]
[EventDate "2015.09.12"]
[EventType "team-tourn"]
[EventRounds "8"]
[EventCountry "FIN"]
[SourceTitle "EXT 2017"]
[Source "ChessBase"]
[SourceDate "2016.10.25"]
[SourceVersion "1"]
[SourceVersionDate "2016.10.25"]
[SourceQuality "1"]
[WhiteTeam "Helsinki HSK II"]
[BlackTeam "Helsinki KS 58"]
[WhiteTeamCountry "FIN"]
[BlackTeamCountry "FIN"]

1. e4 e5 2. Nf3 Nc6 3. Bc4 Bc5 4. c3 Nf6 5. d3 a6 6. Qe2 d6 7. Bb3 h6 8. Nbd2 0-0 9. Nf1 Be6 10. Be3 Bxe3 11. Nxe3 Qd7 12. Bc2 Ne7 13. d4 Ng6 14. d5 Bg4 15. Nxg4 Qxg4 16. g3 b5 17. Ng1 Qxe2+ 18. Nxe2 Nd7 19. 0-0 Ne7 20. b3 f5 21. f3 a5 22. c4 bxc4 23. bxc4 fxe4 24. fxe4 Nc8 25. Rxf8+ Kxf8 26. Nc3 Ncb6 27. Rf1+ Ke7 28. Bd3 Nc5 29. Be2 Rf8 30. Rxf8 Kxf8 31. Kf2 Nba4 32. Nxa4 Nxa4 33. Bd3 Ke7 34. Ke3 Kf6 35. a3 Kg5 36. h3 h5 37. Bc2 Nc5 38. Bd1 h4 39. g4 Nb7 40. a4 Nd8 41. Bf3 Nf7 42. Bg2 Kf6 43. Kd3 Ke7 44. c5 dxc5 45. Kc4 Kd6 46. Kb5 c4 47. Kxc4 c6 48. dxc6 Kxc6 49. Bf3 Nd6+ 50. Kc3 Kc5 51. Bg2 Nf7 52. Bf1 Ng5 53. Bg2 g6 54. Kd3 Kb4 55. Bf1 Ne6 0-1

[Event "FIN-chT1A 1516"]
[Site "Finland"]
[Date "2015.09.12"]
[Round "1.5"]
[White "Kivimaki, Jaakko"]
[Black "Pasanen, Tuomo Tapio"]
[Result "1/2-1/2"]
[WhiteElo "2155"]
[BlackElo "2042"]
[PlyCount "61"]
[EventDate "2015.09.12"]
[EventType "team-tourn"]
[EventRounds "8"]
[EventCountry "FIN"]
[SourceTitle "EXT 2017"]
[Source "ChessBase"]
[SourceDate "2016.10.25"]
[SourceVersion "1"]
[SourceVersionDate "2016.10.25"]
[SourceQuality "1"]
[WhiteTeam "Helsinki KS 58"]
[BlackTeam "Helsinki I-HSK"]
[WhiteTeamCountry "FIN"]
[BlackTeamCountry "FIN"]

1. d4 e6 2. Nf3 d5 3. e3 c6 4. Nbd2 Bd6 5. e4 c5 6. e5 Be7 7. c4 cxd4 8. cxd5 exd5 9. Nxd4 Nc6 10. Bb5 Qb6 11. N2f3 Bg4 12. Qa4 Bd7 13. 0-0 Nh6 14. Re1 0-0 15. Be3 Nxd4 16. Nxd4 Bxb5 17. Qxb5 Bc5 18. Qxb6 axb6 19. Nb5 Nf5 20. Bg5 h6 21. Bd2 Nd4 22. Nxd4 Bxd4 23. Bb4 Rfe8 24. Rad1 Bxe5 25. Rxd5 Bxb2 26. Rxe8+ Rxe8 27. g3 Ra8 28. Kg2 Ba3 29. Bxa3 Rxa3 30. Rd8+ Kh7 31. Rd7 1/2-1/2